Cambridge English for job-hunting (Record no. 616995)

000 -LEADER
fixed length control field 00284nam a22001097a 4500
020 ## - INTERNATIONAL STANDARD BOOK NUMBER
International Standard Book Number 9780521722155
082 ## - DEWEY DECIMAL CLASSIFICATION NUMBER
Classification number 650.142 DOW
245 ## - TITLE STATEMENT
Title Cambridge English for job-hunting
Statement of responsibility, etc. Downes, Colm
260 ## - PUBLICATION, DISTRIBUTION, ETC.
Place of publication, distribution, etc. New York
Name of publisher, distributor, etc. Cambridge University Press
Date of publication, distribution, etc. 2008
590 ## - LOCAL NOTE (RLIN)
Local note .....
942 ## - ADDED ENTRY ELEMENTS (KOHA)
Source of classification or shelving scheme
Koha item type Book
Holdings
Withdrawn status Lost status Source of classification or shelving scheme Damaged status Not for loan Permanent Location Current Location Date acquired Total Checkouts Full call number Barcode Date last seen Price effective from Koha item type
          US-Pakistan Center for Advanced Studies in Energy (USPCAS-E) US-Pakistan Center for Advanced Studies in Energy (USPCAS-E) 04/13/2026   650.142 DOW CAS-E0005743 04/13/2026 04/13/2026 Book
          US-Pakistan Center for Advanced Studies in Energy (USPCAS-E) US-Pakistan Center for Advanced Studies in Energy (USPCAS-E) 04/13/2026   650.142 DOW CAS-E0005744 04/13/2026 04/13/2026 Book
© 2023 Central Library, National University of Sciences and Technology. All Rights Reserved.